Európska akciová spoločnosť - jedna forma spoločnosti pre všetky krajiny EÚ

Na minha lista:
Detalhes bibliográficos
Autor principal: Sandtner, Lucia
Formato: Capítulo de Livro
Idioma:eslovaco
Tags: Adicionar Tag
Sem tags, seja o primeiro a adicionar uma tag!

MARC

LEADER 00000nla$a2200000$$$4500
001 0117206
005 20221207083525.6
041 0 |a slo 
044 |a SK 
245 1 0 |a Európska akciová spoločnosť - jedna forma spoločnosti pre všetky krajiny EÚ  |c Lucia Sandtner 
100 1 |a Sandtner, Lucia